|
|
|
|
| LEADER |
01028nam a2200265 a 4500 |
| 001 |
13533561 |
| 008 |
120910t20092005nyua b 001 0 eng d |
| 010 |
|
|
|a 2004045825
|
| 020 |
|
|
|a 0521828171
|
| 020 |
|
|
|a 052153531X (pbk.)
|
| 020 |
|
|
|a 9780521828178
|
| 020 |
|
|
|a 9780521535311
|
| 040 |
|
|
|a DLC
|c DLC
|d DLC
|d BD-DhAAL
|
| 082 |
0 |
0 |
|a 401/.41
|2 22
|
| 100 |
1 |
|
|a Blommaert, Jan.
|
| 245 |
1 |
0 |
|a Discourse :
|b a critical introduction /
|c Jan Blommaert.
|
| 260 |
|
|
|a New York :
|b Cambridge University Press,
|c 2005.[Fifth printing 2009]
|
| 300 |
|
|
|a xiii, 299 p. :
|b ill. ;
|c 23 cm.
|
| 490 |
1 |
|
|a Key topics in sociolinguistics
|
| 504 |
|
|
|a Includes bibliographical references (p. 256-273) and index.
|
| 541 |
|
|
|a 00025958
|
| 650 |
|
0 |
|a Discourse analysis
|x Social aspects.
|
| 852 |
1 |
|
|a Ayesha Abed Library
|j General shelf
|
| 999 |
|
|
|c 12813
|d 12813
|
| 952 |
|
|
|0 0
|1 0
|4 0
|6 401_410000000000000_BLO
|7 0
|9 21089
|a BRACUL
|b BRACUL
|c GEN
|d 2012-09-11
|e Karim International
|g 3700.00
|l 6
|m 38
|o 401.41 BLO
|p 3010025958
|r 2026-02-23
|s 2026-01-28
|t 1
|w 2012-09-11
|y BK
|